Countries containing A - with a map! - Statistics

General Stats
  • This quiz has been taken 36 times
  • The average score is 145 of 166
Answers on the Map
Answers color-coded by a green-red scale on the quiz's map according to % correct below.
 
Answer Stats
Answer % Correct
Canada
100%
United States
100%
Algeria
95%
Argentina
95%
Australia
95%
Austria
95%
Brazil
95%
China
95%
Colombia
95%
Cuba
95%
Democratic Republic of the Congo
95%
Ethiopia
95%
France
95%
Iceland
95%
India
95%
Ireland
95%
Italy
95%
Japan
95%
Madagascar
95%
Netherlands
95%
Nigeria
95%
North Korea
95%
Pakistan
95%
Panama
95%
Poland
95%
Portugal
95%
Russia
95%
South Africa
95%
South Korea
95%
Spain
95%
Switzerland
95%
United Arab Emirates
95%
Afghanistan
91%
Albania
91%
Azerbaijan
91%
Bangladesh
91%
Barbados
91%
Bolivia
91%
Bosnia and Herzegovina
91%
Cameroon
91%
Chad
91%
Croatia
91%
Denmark
91%
Israel
91%
Dominica
91%
Ecuador
91%
Finland
91%
Germany
91%
Guyana
91%
Haiti
91%
Indonesia
91%
Kazakhstan
91%
Kenya
91%
Kyrgyzstan
91%
Latvia
91%
Malawi
91%
Mali
91%
Malta
91%
Moldova
91%
Mongolia
91%
New Zealand
91%
Norway
91%
Oman
91%
Papua New Guinea
91%
Romania
91%
Saudi Arabia
91%
Serbia
91%
Somalia
91%
Sri Lanka
91%
Suriname
91%
Tajikistan
91%
Trinidad and Tobago
91%
Angola
86%
Bahamas
86%
Bhutan
86%
Bulgaria
86%
Cambodia
86%
Central African Republic
86%
Dominican Republic
86%
Eritrea
86%
Estonia
86%
Gambia
86%
Ghana
86%
Guatemala
86%
Guinea
86%
Guinea-Bissau
86%
Iran
86%
Iraq
86%
Jamaica
86%
Jordan
86%
Kiribati
86%
Laos
86%
Libya
86%
Lithuania
86%
Maldives
86%
Marshall Islands
86%
Mozambique
86%
Myanmar
86%
Nauru
86%
Nepal
86%
Palau
86%
Paraguay
86%
Samoa
86%
Slovenia
86%
Solomon Islands
86%
Taiwan
86%
Tunisia
86%
Turkmenistan
86%
Uganda
86%
Ukraine
86%
Uruguay
86%
Uzbekistan
86%
Vanuatu
86%
Vatican City
86%
Venezuela
86%
Vietnam
86%
Andorra
82%
Antigua and Barbuda
82%
Armenia
82%
Bahrain
82%
Belarus
82%
Botswana
82%
Costa Rica
82%
El Salvador
82%
Equatorial Guinea
82%
Federated States of Micronesia
82%
Gabon
82%
Georgia
82%
Honduras
82%
Hungary
82%
Kuwait
82%
Liberia
82%
Malaysia
82%
Mauritania
82%
Mauritius
82%
Monaco
82%
Namibia
82%
Nicaragua
82%
North Macedonia
82%
Qatar
82%
Rwanda
82%
Saint Kitts and Nevis
82%
Saint Lucia
82%
Saint Vincent and the Grenadines
82%
Senegal
82%
Singapore
82%
Slovakia
82%
South Sudan
82%
Sudan
82%
Syria
82%
Tanzania
82%
Thailand
82%
Tonga
82%
Tuvalu
82%
Zambia
82%
Zimbabwe
82%
Burkina Faso
77%
Cape Verde
77%
East Timor
77%
Eswatini
77%
Grenada
77%
Ivory Coast
77%
San Marino
77%
Sierra Leone
77%
Lebanon
73%
São Tomé and Principe
73%
No matching quizzes found
Score Distribution
Percent of People with Each Score
Percentile by Number Answered
Your Score History
You have not taken this quiz